000 00506nam a2200157 i 4500
001 82715
003 ES-MaACL
005 20230906174724.0
007 t|
008 041111s1939 sp ||||1| spa d
100 1 _aIncio García, Valentín.
_965241
245 1 0 _aApologética elemental para uso de los alumnos de Segunda enseñanza /
_cpor Valentín Incio García.
260 _aValladolid :
_b[s.n.,
_c1939] (
_fCasa Martín)
300 _a286 p., 1 lám. ;
_c22 cm.
852 _aES-MaACL
_jA-4953
_bR.16984
999 _c82715
_d82715